Statistics for Manly countries and capitals

Click here to take the quiz!

General Stats

  • This quiz has been taken 57 times
  • The average score is 5 of 12

Answer Stats

Answer% Correct
Oman
75%
Turkmenistan
63%
Yemen
63%
Germany
48%
Armenia
40%
Managua
40%
Romania
40%
Manila
37%
Manama
31%
Amman
25%
Kathmandu
19%
N'Djamena
0%

Score Distribution

Percentile by Number Answered

Percent of People with Each Score

Your Score History

You have not taken this quiz